| Поле | Инд. | ПП | Название | Значение |
|---|---|---|---|---|
| Тип записи | a | |||
| Библиографический уровень | m | |||
| 001 | Контрольный номер | RU\SPSTU\books\20074419 | ||
| 005 | Дата корректировки | 20230516104545.7 | ||
| 008 | Кодируемые данные | 110228s2010 RU acfhf z 000 1 rus u | ||
| 020 | a | ISBN | 978-5-699-32313-5 | |
| 040 | c | Служба, преобразующая запись | 19013582 | |
| d | Организация, изменившая запись | НБ ТвГУ | ||
| 041 | 0_ | a | Код языка текста | rus |
| 044 | a | Код страны публикации | RU | |
| 080 | a | Индекс УДК | 78.03 | |
| 084 | a | Индекс другой классификации/Индекс ББК | Щ313(0) | |
| 090 | a | Полочн. индекс | Щ313(0) | |
| x | Авторский знак | В 84 | ||
| 245 | 00 | a | Заглавие | Всеобщая история музыки |
| c | Ответственность | [авт.-сост. А. Минакова, С. Минаков] | ||
| 260 | a | Место издания | Москва | |
| b | Издательство | Эксмо | ||
| c | Дата издания | 2010 | ||
| 300 | a | Объем | 541, [2] с., [12] л. ил. | |
| b | Иллюстрации/ тип воспроизводства | ил., портр., факс. | ||
| c | Размеры | 27 cм | ||
| 440 | _0 | a | Серия | Всеобщая история |
| 504 | a | Библиография | Библиогр.: с. 540-542. | |
| 520 | 0_ | a | Аннотация | Во все века музыка возвышала, одухотворяла и вдохновляла людей — и сильных мира сего, и простых смертных. Мифологические герои, ветхозаветные цари и многие святые излагали свои мысли посредством ритма, рифмы и музыки. Музыку любили и властелины мира, и гении, и даже тираны.Это богато иллюстрированное издание расскажет об истории музыки от древнейших времен до наших дней, включая джаз и рок: о ее жанрах и видах, о музыкальных инструментах, о композиторах и исполнителях, о музыкальной грамоте и многом другом. Ознакомившись с этой книгой, вы станете ближе к разгадке великой тайны человечества — музыке, тому волшебному явлению, которое обращается непосредственно к чувству, сердцу, душе каждого человека, минуя различия языков, времен и стран. |
| 653 | 0_ | a | Ключевые слова | Всеобщая история музыки |
| a | Ключевые слова | Искусство | ||
| a | Ключевые слова | История музыки | ||
| a | Ключевые слова | Композиторы | ||
| a | Ключевые слова | Музыка | ||
| a | Ключевые слова | Музыкальная культура | ||
| a | Ключевые слова | Музыкальные жанры | ||
| a | Ключевые слова | Музыкальные инструменты | ||
| a | Ключевые слова | Музыкальные исполнители | ||
| a | Ключевые слова | Музыкальные направления | ||
| a | Ключевые слова | Музыкальные стили | ||
| 700 | 1_ | a | Другие авторы | Минакова Анна |
| e | Роль лиц | авт.-сост. | ||
| 700 | 1_ | a | Другие авторы | Минаков Станислав |
| e | Роль лиц | авт.-сост. | ||
| 852 | 41 | i | Расстановочный признак | Проверка 2023 |
| 901 | t | Тип документа | m | |
| 920 | a | Оператор | Хохл | |
| a | Оператор | Семен | ||
| 952 | c | Вид литературы | К рн | |
| 954 | a | Дата поступления на обработку | 20110317 | |
| e | Дата перешифровки | 20230516 |